000 00545nam a2200217Ia 4500
003 OSt
005 20220924134143.0
006 a|||||r|||| 00| 0
007 ta
008 220923b |||||||| |||| 00| 0 snd d
024 _a272530
037 _cTextual
040 _aARTS
_cARTS
_bsnd
041 _2snd
_asnd
082 _aO1593,1MLEx, H6
100 _aLekhraj-Kishanchand
_9208180
245 0 _aJowar-Abdar
260 _c1946
942 _hO1593,1MLEx, H6
_cTEXL
_2CC
999 _c436566
_d436566